01548nam a2200277 a 450000100060000000300080000600500170001400800410003102000170007203500190008904000350010804100080014308200400015111000630019124501490025426000470040330000300045049000310048050000320051150000700054350502000061365101880081365102080100170000300120983000310123965480BD-RjUL20211209081430.0170306s1952 pk ||||||||s|o00| 0 eng d c: PRs. 10.00 a(BD-RjUL)65610 aBD-RjULbengcBD-RjULdBD-RjUL aeng 223 a304.609549021bMUL 1952 (VLMD)1 aPakistan.boffice of the Provincial Superintendent Census.10aCensus of Pakistan, 1951 :bVillage list : Multan Division /cPakistan. office of the Provincial Superintendent Census ; M. H. Mahmood , [comp.] aKarachi:bManager of Publications,c[1952] aVarious pagings ;c24 cm. aCensus 51 ; vNo. 30B (1). a" chiefly statistical data" a" 6 district Village statistical data together in one bound book"0 aVillage list : Dera Ghazi Khan District (61 p.) -- Jhang District (64 p.) -- Lyallpur District (84 p.) -- Montgomery District (122 p.) -- Multan District (134 p.) -- Muzaffargarh District (53 p.) aPakistanzWest PakistanzMultan Division ( Dera Ghazi Khan District, Jhang District, Lyallpur District, Montgomery District, Multan District, Muzaffargarh District ) vcensus,1951 aPakistanzWest PakistanzMultan Division ( Dera Ghazi Khan District, Jhang District, Lyallpur District, Montgomery District, Multan District, Muzaffargarh District ) xPopulation vStatistics y1951 aMahmood, M. H. , [comp.] aCensus 51 ; vNo. 30B (1).